| 000 | 00407nam a2200169Ia 4500 | ||
|---|---|---|---|
| 003 | LK-CoDNM | ||
| 005 | 20240910102259.0 | ||
| 008 | 010623t1888 xxu||||| |||| 00| 1 eng d | ||
| 040 |
_aLK-CoDNM _dLK-CoDNM _eLK-CoDNM |
||
| 041 | _aeng | ||
| 080 |
_a6 _bJ15 |
||
| 100 | _aBoake, W.J.S. | ||
| 245 | _aMannar : A Monograph | ||
| 260 |
_bG.J.A. Skeen _aColombo _c1888 |
||
| 300 | _b86p. : 22 cm | ||
| 942 | _cBK | ||
| 999 |
_c82908 _d82908 |
||